|
|
|
|
| LEADER |
00000nab a2200000 ar4500 |
| 001 |
vtls008993706 |
| 003 |
SK-MaSNL |
| 005 |
20260304032454.0 |
| 008 |
070529c2006 xo qr|p|||||||000 b|slo |
| 015 |
|
|
|a SNBRB2007/05
|
| 038 |
|
|
|a SNKBUCL
|
| 040 |
|
|
|a SNKBUCL
|b slo
|e AACR2
|c SNKBUCL
|
| 041 |
0 |
|
|a slo
|
| 044 |
|
|
|a xo
|c SK
|
| 080 |
|
|
|a 22:82.035
|2 1997
|
| 080 |
|
|
|a 82.035
|2 1997
|
| 100 |
1 |
|
|a Ďurica, Ján,
|d 1943-2025
|4 aut
|9 105373
|
| 245 |
1 |
0 |
|a Kamaldulská Biblia - prvý slovenský preklad v európskom kontexte
|n III
|c Ján Ďurica
|
| 504 |
|
|
|a Bibliogr. odkazy
|
| 630 |
0 |
7 |
|a Biblia
|2 snkbucl
|9 17043
|
| 630 |
0 |
7 |
|a Kamaldulská Biblia
|2 snkbucl
|9 1302379
|
| 648 |
|
7 |
|a 18. storočie
|2 snkbucl
|9 287325
|
| 650 |
0 |
7 |
|a biblické preklady
|2 snkbucl
|9 66591
|
| 773 |
0 |
|
|t Natanael
|g Č. 4 (2006), s. 30-33
|x 1336-1023
|
| 852 |
|
|
|a SNK
|b KIS3GCP
|
| 958 |
|
|
|a SK
|
| 958 |
|
|
|a NT
|
| 958 |
|
|
|a NB
|
| 999 |
|
|
|c 2643321
|d 2645251
|